Представление документа в формате RUSMARC

ПолеНазваниеЗначение
  Тип записи a
  Библиографический уровень a
001 Контрольный номер RU/CBS_Ul/BASE/516755004
005 Дата корректировки 20240209175200.8
100 Данные общей обработки __
a Данные общей обработки 20160516d2016 ||| 0rusy0189 ca
101 Язык документа 0_
a Язык текста rus
102 Страна публикации __
a Страна публикации RU
105 Кодированные данные (монография) __
a Кодированные данные (монография) y###||||000|y
200 Заглавие и сведения об ответственности 1_
a Заглавие Просто Мария
b Общее обозначение материала Текст
e Сведения, относящиеся к заглавию [о Герое Советского Союза М.В. Октябрьской]
f Первые сведения об ответственности В. Куницын
300 Общие примечания __
a Общие примечания Ограничения по возрасту - 16+
461 Уровень набора _0
1 2000
a Смена
463 Уровень физической единицы _0
1 001RU/CBS_Ul/BASE/516754079
1 2000
a № 5
v С. 4-13: фото.
1 210
d 2016
600 Персоналии _0
a Персоналии (Фамилия) Октябрьская
b Персоналии (Имя, инициалы) М.В.
606 Тематические рубрики 0_
a Основная рубрика Великая Отечественная война - 1941 - 1945 - Герои и героизм - Смоленск
610 Ключевые слова 0_
a Ключевые слова героизм
a Ключевые слова войны
a Ключевые слова Великая Отечественная война
a Ключевые слова женщины - героини
a Ключевые слова Герои Советского Союза
686 Индексы других классификаций __
a Классификационный индекс 63.3(2)622.78
2 Код системы ББК
700 Автор _1
a Фамилия Куницын
b Имя (инициалы) В.
801 Источник записи _0
a Страна RU
b Организация МБУК ЦБС г. Ульяновска
c Дата составления 20160516
g Правила каталогизации RCR
801 Источник записи _1
a Страна RU
b Организация МБУК ЦБС г. Ульяновска
c Дата составления 20160516
g Правила каталогизации RCR
901 Тип документа __
t Тип документа b
w Контрольный № источника RU/CBS_Ul/BASE/516754079
910 Корректоры записи __
a Корректор записи Асеева
938 Служебная информация __
a Имя БД period